| Registos Bibliográficos associados ao registo de autoridade |
|
Etiqueta de registo: 00254nam 2200025 450 001 2278605 003 http://id.bnportugal.gov.pt/bib/catbnp/2278605 100 ## $a20260310d2025 k y0pory01030103ba 101 0# $aeng$dpor 102 ## $aPT 105 ## $ay m 000yy 106 ## $ar 200 1# $aDemographic and evolutionary consequences of costly trophic, sexual and symbiont-mediated
interactions in spider mites$fMiguel Alfredo Rodrigues Cruz$gorient. Flore Zélé, Sara Magalhães, Vitor C. Sousa 210 #9 $aLisboa$c[s.n.],$d2025 215 ## $aXII, 329 p.$d30 cm$ecurríulum vitae (p. 4) 328 #1 $aTese dout. Biodiversidade, Genética e Evolução, Faculdade de Ciências da Universidade
de Lisboa, Faculdade de Ciências da Universidade do Porto, 2025 675 ## $a575.8(043)$vBN$zpor$31257792 675 ## $a591.55(043)$vBN$zpor$31415768 700 #1 $aCruz$bMiguel Alfredo Rodrigues,$f1992-$31990316 702 #1 $aZélé,$bFlore$4727$31658037 702 #1 $aMagalhães,$bSara$4727$31705975 702 #1 $aFerreira,$bVítor Miguel Carneiro de Sousa,$f1960-$4727$3200719 801 #0 $aPT$bBN$gRPC 966 ## $lBN$mFGMON$sS.A. 193580 V.$x1 971 ## $cabrito$d20260310 972 ## $e0$z0$d20260417$vasantos 973 ## $cmlsousa$d20260414
|
|
|